LEADER 01143nam--2200397---450- 001 990003211090203316 005 20090330170840.0 010 $a978-88-07-82198-1 035 $a000321109 035 $aUSA01000321109 035 $a(ALEPH)000321109USA01 035 $a000321109 100 $a20090326d2008----km-y0itay50------ba 101 $aita 102 $aIT 105 $a||||||||001yy 200 1 $aSignorina Else$fArthur Schnitzler$gtraduzione e cura di Enrico Groppali 210 $aMilano$cFeltrinelli$d2008 215 $a86 p.$d20 cm 225 2 $aUniversale economica$v2198 410 0$12001$aUniversale economica$v2198 454 1$12001$aFraulein Else$920252 461 1$1001-------$12001 606 0 $2BNCF 676 $a833.912 700 1$aSCHNITZLER,$bArthur$0320902 702 1$aGROPPALI,$bEnrico 801 0$aIT$bsalbc$gISBD 912 $a990003211090203316 951 $aVII.2.A. 1075$b208814 L.M.$cVII.2.$d00187118 959 $aBK 969 $aUMA 979 $aMARTUCCIEL$b90$c20090326$lUSA01$h1636 979 $aPATRY$b90$c20090330$lUSA01$h1708 996 $aFraülein Else$920252 997 $aUNISA LEADER 03125nam 22005653u 450 001 9910787881603321 005 20210114065901.0 010 $a0-85745-680-6 024 7 $a10.1515/9780857456809 035 $a(CKB)2670000000530545 035 $a(EBL)1466207 035 $a(MiAaPQ)EBC1466207 035 $a(DE-B1597)636357 035 $a(DE-B1597)9780857456809 035 $a(EXLCZ)992670000000530545 100 $a20140310d2007|||| u|| | 101 0 $aeng 135 $aur|n|---||||| 181 $ctxt$2rdacontent 182 $cc$2rdamedia 183 $acr$2rdacarrier 200 10$aAmericanization And Anti-americanism$b[electronic resource] $eThe German Encounter with American Culture after 1945 210 $aNew York, NY $cBerghahn Books$d2007 215 $a1 online resource (302 p.) 300 $aDescription based upon print version of record. 311 $a1-84545-487-1 327 $aAmericanization and Anti-Americanism; CONTENTS; ACKNOWLEDGEMENTS; PART 1: POLITICS OF CULTURE; ANTI-AMERICANISM AND AMERICANIZATION; COUNTER-AMERICANISM AND CRITICAL CURRENTS IN WEST GERMAN RECONSTRUCTION 1945-1960; SAIGON, NUREMBERG, AND THE WEST; PART 2: POPULAR CULTURE; RESISTING BOOGIE-WOOGIE CULTURE, ABSTRACT EXPRESSIONISM, AND POP ART; FROM NIGHTMARE TO MODEL?; LEARNING FROM AMERICA; PART 3: FILM; CINEMATIC AMERICANIZATION OF THE HOLOCAUST IN GERMANY; ANTI-AMERICANISM AND THE COLD WAR; GERMAN CINEMA FACE TO FACE WITH HOLLYWOOD; PART 4. EUROPEAN AND GLOBAL PERSPECTIVES; DOUBLE CROSSINGS 327 $aANTI-AMERICANISM AND ANTI-MODERNISM IN EUROPECALIFORNIA BLUE; AWKWARD RELATIONS; PART 5: OUTLOOK; CRISIS OR COOPERATION?; GERMANS AND AMERICANS; SELECTED BIBLIOGRAPHY FOR THE PERIOD 1945 TO THE PRESENT; CONTRIBUTORS; INDEX 330 $a The ongoing discussions about globalization, American hegemony and September 11 and its aftermath have moved the debate about the export of American culture and cultural anti-Americanism to center stage of world politics. At such a time, it is crucial to understand the process of culture transfer and its effects on local societies and their attitudes toward the United States. This volume presents Germany as a case study of the impact of American culture throughout a period characterized by a totalitarian system, two unusually destructive wars, massive ethnic cleansing, and economic di 606 $aAmericanization 606 $aAnti-Americanism$zGermany 606 $aPolitics and culture$zGermany 606 $aPopular culture$zGermany 606 $aPublic opinion$zGermany 606 $aHISTORY / United States / 20th Century$2bisacsh 615 0$aAmericanization. 615 0$aAnti-Americanism 615 0$aPolitics and culture 615 0$aPopular culture 615 0$aPublic opinion 615 7$aHISTORY / United States / 20th Century. 676 $a303.48/243073/09045 700 $aStephan$b Alexander$0457493 801 0$bAU-PeEL 801 1$bAU-PeEL 801 2$bAU-PeEL 906 $aBOOK 912 $a9910787881603321 996 $aAmericanization And Anti-americanism$93848972 997 $aUNINA